Sacred Books of the East (Record no. 144)

MARC details
000 -LEADER
fixed length control field 00483nam a2200205 a 4500
020 ## - INTERNATIONAL STANDARD BOOK NUMBER
ISBN
082 00 - DEWEY DECIMAL CLASSIFICATION NUMBER
Classification number 297.1
Author Cutter PAL
100 ## - MAIN ENTRY--AUTHOR NAME
Author name Palmer, Mr
245 ## - TITLE STATEMENT
Title Sacred Books of the East
260 ## - PUBLICATION, DISTRIBUTION, ETC. (IMPRINT)
Place of publication Oxford
Name of publisher Clarendon Pressa
Year of publication 1900
500 ## - GENERAL NOTE
General note includes index and biblioraphy
942 ## - ADDED ENTRY ELEMENTS (KOHA)
Koha item type Books
700 1# -
-- Palmer, Mr
Holdings
Collection code Home library Current library Date acquired Cost, normal purchase price Full call number Accession Number Koha item type
  Henry Martyn Institute Library Henry Martyn Institute Library 08/28/2007 100.00 297.1 PAL 086 Books
                   Copyright © 2026 | Henry Martyn Institute | Hyderabad | TS-500052 | INDIA | Implemented by hmi.edu.in
Hit-Count:

Powered by Koha